Znane miejsca w Łodzi według zdjęć - Statystyki

Ogólne statystyki
  • Ten quiz został rozwiązany 57 razy
  • Średni wynik to 9 z 16
Statystyki odpowiedzi
Obrazkowy Hint Odpowiedź % Poprawnych
ulica ulica {Piotrkowska}
100%
centrum handlowe Manufaktura
89%
dworzec Łódź {Fabryczna}
76%
kąpielisko Aquapark {Fala}
62%
plac plac {Wolności}
62%
pałac pałac {Izraela Poznańskiego}
58%
stadion Stadion Miejski {Widzewa Łódź}
56%
przystanek tramwajowy Piotrkowska Centrum | Stajnia Jednorożców
51%
kompleks leśny Las {Łagiewnicki}
49%
zoo Orientarium
49%
port lotniczy Port Lotniczy im. {Władysława Reymonta}
49%
park Park na {Zdrowiu}
44%
centrum nauki EC1
42%
zespół fabryk Księży Młyn
40%
stadion Stadion Miejski im. {Władysława Króla}
40%
park Park im. {księcia Józefa Poniatowskiego}
24%
Nie znaleziono quizów pasujących do podanych kryteriów
Rozkład punktacji
Procent ludzi z każdym wynikiem
Percentyl według liczby udzielonych odpowiedzi
Twoja historia wyników
Nie rozwiązałeś tego quizu